Processus d'institutionnalisation et de gestion de la recherche agricole (le cas du Maroc) /

Guardado en:
Autor Principal: Khettouch, Moha Ali.
Formato: Libro
Idioma:French
Materias:
Etiquetas: Agregar Etiqueta
Sin Etiquetas, Sea el primero en etiquetar este registro!
LEADER 00541nam a22001575a 4500
001 EEA.libagro005184
005 20181001122312.0
008 130809s1991####mr############000#0#fre#d
082 0 4 |a 630.72 
100 1 |a Khettouch, Moha Ali. 
245 1 0 |a Processus d'institutionnalisation et de gestion de la recherche agricole (le cas du Maroc) /  |c Moha Ali Khettouch. 
300 |a 538 p. ;  |c 21,5 cm. 
653 |a Investigacion 
653 |a Instituciones de investigacion 
653 |a Desarrollo agricola 
859 |a AR-BbBCA  |b BIB. AGRONOMIA  |h 630.72  |i K45  |p 1995/2455